000 00429nam a2200169 i 4500
001 bg
100 1 _aSMOLIŃSKI, Sławomir
245 0 _aNadprzewodnictwo :
_bzastosowania /
_cSławomir Smoliński.
250 _aWyd. 2 zm.
260 _aWarszawa :
_bWNT,
_c1983.
650 9 _aNadprzewodnictwo
_xstosowanie
040 _cBPK
041 _apol
080 _a537.31
942 _cKS
008 s pl f |000 0 pol
999 _c21968
_d21968
856 _uhttp://koha.tu.koszalin.pl/cgi-bin/koha/opac-detail.pl?biblionumber=21968
_yKatalog online BPK